Представление документа в формате MARC21

Поле Инд. ПП Название Значение
Тип записи a
Библиографический уровень b
001 Контрольный номер DU/602777903
005 Дата корректировки 20250318111711.9
008 Кодируемые данные 20190124
040 b Код языка каталог. rus
e Правила каталог. PSBO
041 0_ a Код языка текста rus
084 a Индекс другой классификации/Индекс ББК 88.92
100 1_ a Автор Полежаева О. Д.
q Полное имя Полежаева Ольга Дмитриевна
245 10 a Заглавие Групповой тренинг и аутотренинг как метод формирования акмеологической компетенции
504 a Библиография Библиогр.: с. 99
520 a Аннотация Деятельность работников консультационной компании насыщена разнообразным экстремальными ситуациями, их работе присущи дефицит времени для принятия решений и их реализации, влияние на личность сильных раздражителей, доминирование негативных эмоций, повышенная ответственность и необходимость применения адекватных мер. Особенно стрессогенной и утомительной является работа подразделений консультационной компании по сопровождению коммерческих сделок. Их работа в особых условиях деятельности требует сохранения и восстановления психических адаптационных резервов организма. Это обуславливает развитие у работников консультационной компании, наряду с рядом личностных и профессионально-важных качеств, психологической устойчивости для качественного и безопасного выполнения возложенных оперативно-служебных задач. Полноту научного дискурса по проблеме психологической учтойчивости человека также раскрывают такие понятия, как жизнестойкость и психологическая готовность
650 14 a Основная рубрика практическая психология (прикладная психология)
a Основная рубрика психологическое консультирование
a Основная рубрика психология
653 a Ключевые слова аутотренинг
a Ключевые слова групповые тренинги
a Ключевые слова консалтинговые компании
a Ключевые слова консультационные фирмы
a Ключевые слова психологическая устойчивость
a Ключевые слова стрессоустойчивость
a Ключевые слова тренинги
773 08 t Заглавие источника Психология. Историко-критические обзоры и современные исследования
d Дата издания источника 2018
g Прочая информация Т. 7, № 1А. - С. 92 - 101
w Контрольный № источника DU/598461108
901 t Тип документа b